Bola raz jedna maloobchodná značka...
Vznik maloobchodných značiek. Výhody maloobchodnej značky pre spotrebiteľov, výrobcov a obchodníkov. Expanzia maloobchodných značiek vo vyspelých krajinách. Definícia maloobchodnej značky. Podmienky pre vytvorenie maloobchodnej značky. Označovanie tovaru v maloobchode cenovkami.
Saved in:
| Main Author: | |
|---|---|
| Other Authors: | |
| Format: | Book Chapter |
| Language: | Slovak |
| Subjects: | |
| Tags: |
No Tags, Be the first to tag this record!
|
MARC
| LEADER | 00000naa a2200000 4500 | ||
|---|---|---|---|
| 001 | r032947 | ||
| 005 | 20230929112520.5 | ||
| 041 | 0 | |a slo | |
| 044 | |a SK | ||
| 245 | 1 | 0 | |a Bola raz jedna maloobchodná značka... |c Eva Krajmerová, Andrea Hinková |
| 520 | |a Vznik maloobchodných značiek. Výhody maloobchodnej značky pre spotrebiteľov, výrobcov a obchodníkov. Expanzia maloobchodných značiek vo vyspelých krajinách. Definícia maloobchodnej značky. Podmienky pre vytvorenie maloobchodnej značky. Označovanie tovaru v maloobchode cenovkami. | ||
| 610 | 2 | 0 | |a maloobchod |
| 610 | 2 | 0 | |a tovar značkový |
| 610 | 2 | 0 | |a predajne |
| 610 | 2 | 0 | |a ceny maloobchodné |
| 610 | 2 | 0 | |a spotrebitelia |
| 100 | 1 | |a Krajmerová, Eva | |
| 700 | 1 | |a Hinková-Dibarborová, Andrea | |